| 000 | 00575nam a22002057a 4500 | ||
|---|---|---|---|
| 003 | OSt | ||
| 005 | 20220107122719.0 | ||
| 008 | 130816b xxu||||| |||| 00| 0 eng d | ||
| 020 | _a9780762313006 | ||
| 040 | _cIIITM-K | ||
| 082 | _a658.402 TEN/E | ||
| 245 |
_aEthics in groups _cedited by Ann E Tenbrunsel |
||
| 260 |
_aUSA, _bElsevier, _c2006. |
||
| 300 | _ax, 282p. | ||
| 440 |
_aResearch on managing groups and teams. _v8 _91574 |
||
| 650 |
_aORGANIZATIONAL MANAGEMENT _91575 |
||
| 650 |
_aETHICS IN GROUPS _91576 |
||
| 700 |
_aTenbrunsel, Ann E _91577 |
||
| 942 |
_2ddc _cBK |
||
| 999 |
_c3189 _d3189 |
||